Statistics for U-val kezdődő országok

Click here to take the quiz!

General Stats

  • This quiz has been taken 6 times
  • The average score is 3 of 5

Answer Stats

Ország% Correct
Uganda
100%
Uruguay
75%
Ukrajna
50%
Üzbegisztán
50%
Új-Zéland
25%

Score Distribution

Percentile by Number Answered

Percent of People with Each Score

Your Score History

You have not taken this quiz